Home Print Resources E-Books E-Journals IIMT Lecture Series Library Membership Form Book Recommendation Form Campus Tour Take AdmissionAbout Us Contact Us

SUPPLY CHAIN MANAGEMENT (Record no. 56166)

000 -LEADER
fixed length control field 00387nam a22001577a 4500
003 - CONTROL NUMBER IDENTIFIER
control field OSt
005 - DATE AND TIME OF LATEST TRANSACTION
control field 20231212070053.0
008 - FIXED-LENGTH DATA ELEMENTS--GENERAL INFORMATION
fixed length control field 221210b xxu||||| |||| 00| 0 eng d
020 ## - INTERNATIONAL STANDARD BOOK NUMBER
International Standard Book Number 978-93-530-6596-6
040 ## - CATALOGING SOURCE
Transcribing agency IIMT UNIVERSITY, MEERUT
100 ## - MAIN ENTRY--PERSONAL NAME
Personal name CHOPRA SUNIL
245 ## - TITLE STATEMENT
Title SUPPLY CHAIN MANAGEMENT
260 ## - PUBLICATION, DISTRIBUTION, ETC.
Place of publication, distribution, etc. NEW DELHI
Name of publisher, distributor, etc. PEARSON INDIA
Date of publication, distribution, etc. 2022
300 ## - PHYSICAL DESCRIPTION
Extent 562
942 ## - ADDED ENTRY ELEMENTS (KOHA)
Source of classification or shelving scheme
Koha item type Text-Book- for 7 days
Holdings
Withdrawn status Lost status Source of classification or shelving scheme Damaged status Not for loan Home library Current library Date acquired Source of acquisition Cost, normal purchase price Inventory number Total Checkouts Barcode Date last seen Price effective from Koha item type Date last checked out
          IIMT University Central Library Meerut IIMT University Central Library Meerut 12/10/2022 ARISTA PUBLICATION 799.00 HO/IN/130   01-B-138619 12/10/2022 12/10/2022 Text-Book- for 7 days  
          IIMT University Central Library Meerut IIMT University Central Library Meerut 12/10/2022 ARISTA PUBLICATION 799.00 HO/IN/130 1 01-B-138620 09/03/2025 12/10/2022 Text-Book- for 7 days 08/28/2025
          IIMT University Central Library Meerut IIMT University Central Library Meerut 12/10/2022 ARISTA PUBLICATION 799.00 HO/IN/130   01-B-138621 12/10/2022 12/10/2022 Text-Book- for 7 days  
          IIMT University Central Library Meerut IIMT University Central Library Meerut 12/10/2022 ARISTA PUBLICATION 799.00 HO/IN/130   01-B-138622 12/10/2022 12/10/2022 Text-Book- for 7 days  
          IIMT University Central Library Meerut IIMT University Central Library Meerut 12/10/2022 ARISTA PUBLICATION 799.00 HO/IN/130   01-B-138623 12/10/2022 12/10/2022 Text-Book- for 7 days  
IIMT, Central Library. All Rights Reserved IIMT,UNIVERSITY © 2023
Implemented and Customised by I CLOUDE EMS
You Are OPAC Visitor No
free web counter

Powered by Koha